Quizzes
Events
Quiz Creation
Community
Videos
Private Events
Remove Ads
Sign In
Join for FREE
Feedback
Dark Mode
Quiz Categories
Sports
Geography
Music
Movies
Television
Just For Fun
Miscellaneous
History
Literature
Language
Science
Gaming
Entertainment
Religion
Holiday
For Kids
Quiz Lab
Recent
Popular Today
Quiz Kudos Today
Editor Picks
Curator Picks
Quizzes by...
Day
Popularity
Type
Ratings
Length
Year
Community
Subscriptions
Recent Discussions
Orange Saloon
Badges
Playlists
Quests
Create
Leaderboards
Showdown
Live 5
Trivia Bingo
Activity
Puzzle Library
Sporcle Events
Private Events
Virtual Trivia
Globe League
Become a Host
Pub Owners
SporcleCon
Opinionation
Our Games
Videos
Blog
Mobile Apps
Partnerships
Remove Ads and Go Orange
Feedback
Entertainment
Celebrity
Famous
Musical
Broadway
Show
Quote
Comic Books
Anime
Superhero
DC Comics
Marvel
Cartoons
Animation
Entertainment
Celebrity
Famous
Musical
Broadway
Show
Quote
Comic Books
Anime
Superhero
DC Comics
Marvel
Cartoons
Animation
Random Quiz
Search Sporcle
×
Quiz Lab
Quiz Lab
Entertainment
Kpop
Type in answers that appear in a list
Type in answers that appear in a list
Classic
Best Score? Go Orange.
Who I am? Stats
Can you name the Name to the face?
By
noonalikeskpop
3m
10 Questions
14.4K Plays
14,378 Plays
14,378 Plays
Comments
Comments
Give Quiz Kudos
Give Quiz Kudos
-
- Ratings
hide this ad
Replay
Link that replays current quiz
Next Quiz
Link to next quiz in quiz playlist
You Got
0%
They Got
Avg Score
53%
Avg Friend Score
Upgrade to see
Score Distribution
Jump to the score distribution portion of the page
Score
0/10
Timer
03:00
0
Plays Today
Number
I am
% Correct
9
Onew
85.9%
3
Eunhyuk
85.1%
10
Mir
77.5%
8
Rain
75.3%
5
JoKwon
61.9%
2
Kevin
61.4%
6
Yoochun
42.2%
4
Dongjun
18.6%
7
Brian Joo
17.1%
1
Aoora
10.2%
Quiz Playlist
Details
Report
Send in Message
Add To Playlist
Classic:
Type in answers that appear in a list
Last Updated: Feb 16, 2017
Quiz Scoreboard
CHALLENGE
Sign Up to Join the Scoreboard
Show All
Scores
Hide
Comments
May contain spoilers
Recently Published
Click the 1999 NBA Draft
by nibperrychub
Sports
2m
Alphabetical 'K' Countries by Flag Minefield
by ylime102
Geography
3m
Pick 6: Fruits
by JohnFran
Miscellaneous
15s
More to Explore
Quiz From the Vault
Featured Blog Post
15 Basketball Trivia Facts You Can Be March Mad About
hide this ad
You Might Also Like...
Tags
Kpop Quiz
Kpop Quiz
Today's Top Quizzes in Entertainment
Browse Entertainment
hide this ad
Today's Top Quizzes in Kpop
Browse Kpop
Top Contributed Quizzes in Entertainment
1
Marvel, Role-Playing, Shakespeare, and Cats, Oh My!
2
Picture Click Blitz: Snow White
3
Criteria Comics (DC vs. Marvel)
4
Double Word Hourglass: Comic Book Publishers
5
Comic Character by Cover Artist Pt 490 (Billy Tan)
6
Click the Fictional Jane
7
Click the Fictional Jill
8
The Joker Actors by Order
9
Marvel Picture Find: Capcom
10
Click the Fictional John
Explore More
Trending Topics
Kpop
NBA
Anime
Marvel
Disney
Crossword
Harry Potter
The Office
Country
WWE
NFL
Pokémon
Song
Puzzle
Soccer
hide this ad
More By:
noonalikeskpop
Quiz
Plays
Rating
Category
Featured
Created
Kpop Idol Hunt
32,919
1.50
Music
Jul 20, 2013
Its SHINee
22,989
1.57
Entertainment
May 6, 2012
Who I am?
14,378
2.13
Entertainment
Jan 25, 2012
From boy to girl
7,089
3.57
Entertainment
Mar 20, 2012
The ultimate Kpop quiz
6,577
3.28
Music
Feb 6, 2012
Go to Creator's Profile
Score Distribution
Quiz Creator Spotlight
noonalikeskpop
Follow
Send a Message
Quizzes Created
-
Created Quiz Play Count
-
More By This Creator
Popular Quizzes Today
1
Find the US States - No Outlines Minefield
2
Countries of Asia Without Outlines Minefield
3
Pick 6: Fruits
4
The Countries of the World
5
Alphabetical 'K' Countries by Flag Minefield
6
Find the US States
7
Match the Book to the Film X
8
Click the 1999 NBA Draft
More Entertainment Quizzes
JoJo: Steel Ball Run Characters II
Quiz Lab
Trending Quizzes
Pick 6: Harry Potter
Pick 6: Mountains
Pick 6: NFL Teams
Pick 6: Movie Franchises
Pick 6: Golfers
Recently Updated
Women's Final Four Teams by Year
bhenderson79
Presidents Quartet II
eogle
Anything But Clue(do)
eogle
Anything But Oceanian Capitals
eogle
Anything But 7
eogle
Anything But Thing
eogle
Word Ladder: February 29
pecheneg
Song Title Questions
pecheneg
Women's NCAA Tournament #1 Seeds
pecheneg
Celebrity Mug Shots
pecheneg
Trending Topics
NBA
Harry Potter
Kpop
Disney
Crossword
Anime
Marvel
WWE
Soccer
Pokémon
Country
Puzzle
The Office
Song
NFL
Your Account Isn't Verified!
In order to create a playlist on Sporcle, you need to verify the email address you used during registration. Go to your
Sporcle Settings
to finish the process.
Report this User
Report this user for behavior that violates our
Community Guidelines
.
Details:
Send Report
Go to the Sporcle.com Mobile Site →
Comments